[Event "21st Abu Dhabi Masters 2014"]
[Site "Abu Dhabi UAE"]
[Date "2014.08.26"]
[Round "7.19"]
[White "Shyam, Sundar M."]
[Black "Hejazipour, Mitra"]
[Result "1-0"]
[WhiteTitle "GM"]
[BlackTitle "WIM"]
[WhiteElo "2468"]
[BlackElo "2269"]
[WhiteFideId "5019141"]
[BlackFideId "12505951"]
[EventDate "2014.08.20"]

1. c4 c5 2. g3 Nc6 3. Bg2 g6 4. Nc3 Bg7 5. e3 d6 6. Nge2 e5 7. b3 Nge7 8. Bb2
Be6 9. O-O O-O 10. Nd5 Qd7 11. Nec3 h6 12. f4 f5 13. d3 Kh7 14. Qd2 Rab8 15.
Rae1 Bg8 16. fxe5 dxe5 17. e4 Nd4 18. Nxe7 Qxe7 19. exf5 gxf5 20. Nd5 Bxd5 21.
Bxd5 Kh8 22. Rf2 Rbe8 23. Qd1 b6 24. Bc1 Qd6 25. Qh5 Kh7 26. Bb2 Qg6 27. Qh3 Qg4
28. Qxg4 fxg4 29. Bxd4 cxd4 30. Rxf8 Rxf8 31. b4 h5 32. c5 bxc5 33. bxc5 Rc8 34.
c6 Rc7 35. Rb1 Bf6 36. Rb7 Bd8 37. Rb8 Be7 38. Kf1 Kg7 39. Ke2 Bc5 40. Kd1 Kf6
41. Rh8 Kg6 42. Kc2 Bb6 43. Kb3 Kf6 44. Kc4 Rg7 45. Rxh5 Ke7 46. Rxe5+ Kd6 47.
Rh5 Kc7 48. a4 a6 49. Be4 Rf7 50. Kd5 Rg7 51. Rh7 Rxh7 52. Bxh7 Ba5 53. Bf5 Kd8
54. Bxg4 Ke7 55. Bc8 1-0

[Event "21st Abu Dhabi Masters 2014"]
[Site "Abu Dhabi UAE"]
[Date "2014.08.26"]
[Round "7.20"]
[White "Estremera Panos, Sergio"]
[Black "Shyam, Nikil P."]
[Result "0-1"]
[WhiteTitle "IM"]
[BlackTitle "IM"]
[WhiteElo "2346"]
[BlackElo "2469"]
[WhiteFideId "2200864"]
[BlackFideId "5024218"]
[EventDate "2014.08.20"]

1. d4 Nf6 2. c4 e6 3. Nf3 b6 4. g3 Bb7 5. Bg2 Bb4+ 6. Bd2 c5 7. O-O O-O 8. Bxb4
cxb4 9. Nbd2 d6 10. Qb3 a5 11. Rfd1 Qc7 12. Nf1 Nbd7 13. Ne3 Rac8 14. a3 bxa3
15. Qxa3 Rfd8 16. b4 Ra8 17. bxa5 Rxa5 18. Qb2 Rda8 19. Nd2 Bxg2 20. Kxg2 h5 21.
Nb3 Rxa1 22. Rxa1 Rxa1 23. Qxa1 Qb7+ 24. f3 b5 25. Qc3 bxc4 26. Qxc4 Nb6 27. Qb5
Qc7 28. Kf2 h4 29. gxh4 d5 30. Nf1 Nc4 31. e3 Kh7 32. Qb4 e5 33. dxe5 Qxe5 34.
Nd4 Qh5 35. Qb1+ g6 36. Kg3 Nxe3 37. Nxe3 Qe5+ 38. Kg2 Qxd4 39. Qe1 Kh6 40. Nf1
Qb2+ 41. Kh1 Qd4 42. Qe7 Kg7 43. Qe1 Kf8 44. Kg2 Nh5 0-1

[Event "21st Abu Dhabi Masters 2014"]
[Site "Abu Dhabi UAE"]
[Date "2014.08.26"]
[Round "7.21"]
[White "Rasulov, Vugar"]
[Black "De Ramos, Julius"]
[Result "1/2-1/2"]
[WhiteTitle "GM"]
[BlackTitle "FM"]
[WhiteElo "2509"]
[BlackElo "2342"]
[WhiteFideId "13402390"]
[BlackFideId "5200628"]
[EventDate "2014.08.20"]

1. e4 e6 2. d4 d5 3. Nd2 Nf6 4. e5 Nfd7 5. Bd3 c5 6. c3 Nc6 7. Ne2 cxd4 8. cxd4
f6 9. exf6 Nxf6 10. O-O Bd6 11. Nf3 O-O 12. Bg5 Bd7 13. Nc3 Qe8 14. h3 Nh5 15.
Re1 Qf7 16. Be3 g6 17. Bb5 Nf4 18. Bxf4 Qxf4 19. Rc1 Rae8 20. Rc2 a6 21. Bxc6
Bxc6 22. Qd2 h6 23. Ne5 Bxe5 24. Rxe5 Qxd2 25. Rxd2 Bd7 26. f3 Rc8 27. Kf2 b5
28. Ke3 b4 29. Ne2 Rf5 30. h4 Rc4 31. Rxf5 gxf5 32. Kf4 Kf7 33. Ke5 a5 34. g4
fxg4 35. fxg4 a4 36. Nf4 Rc1 37. g5 hxg5 38. hxg5 Ke7 39. Ng6+ Kf7 40. Nh4 Ke7
41. Kf4 Ra1 42. Ng6+ Kd6 43. Ne5 Be8 44. b3 Rf1+ 45. Kg3 axb3 46. axb3 Rg1+ 47.
Kf4 Rf1+ 48. Ke3 Rg1 49. g6 Bxg6 50. Kf2 Rg5 51. Ra2 Rxe5 52. Ra6+ Kd7 53. dxe5
Bc2 54. Rb6 Bxb3 55. Rxb4 Bc2 56. Rb6 Bf5 1/2-1/2

[Event "21st Abu Dhabi Masters 2014"]
[Site "Abu Dhabi UAE"]
[Date "2014.08.26"]
[Round "7.22"]
[White "Berescu, Alin-Mile"]
[Black "Lorparizangeneh, Shahin"]
[Result "1/2-1/2"]
[WhiteTitle "GM"]
[BlackTitle "FM"]
[WhiteElo "2458"]
[BlackElo "2277"]
[WhiteFideId "1204920"]
[BlackFideId "12521604"]
[EventDate "2014.08.20"]

1. c4 g6 2. g3 Bg7 3. Bg2 c5 4. Nc3 Nc6 5. a3 e6 6. Rb1 Nge7 7. b4 cxb4 8. axb4
d5 9. b5 Na5 10. cxd5 exd5 11. Ba3 O-O 12. Qa4 Bxc3 13. dxc3 Nc4 14. Bc5 Be6 15.
Nf3 b6 16. Bd4 Bf5 17. Rb4 Be4 18. O-O Nf5 19. Rd1 Qe7 20. Bf1 Rac8 21. Ne1 Nxd4
22. Rxd4 Nd6 23. Qa1 Rc5 24. e3 Rfc8 25. Rb3 Qc7 26. f3 Bf5 27. Nd3 Nxb5 28.
Nxc5 Nxd4 29. cxd4 bxc5 30. Ra3 c4 31. Rxa7 Qb8 32. Ra3 Qb4 33. Qc3 Rb8 34. g4
Bb1 35. Qxb4 Rxb4 36. Ra8+ Kg7 37. Rc8 Rb2 38. e4 dxe4 39. fxe4 Bxe4 40. Rxc4
Rb1 41. Rc3 Rd1 42. Kf2 Rxd4 43. Rc4 Rxc4 44. Bxc4 g5 45. Kg3 Bg6 46. h4 Kf6 47.
hxg5+ Kxg5 48. Bd5 f6 49. Be6 Be8 50. Bc8 Bc6 51. Be6 Be4 52. Bd7 f5 1/2-1/2

[Event "21st Abu Dhabi Masters 2014"]
[Site "Abu Dhabi UAE"]
[Date "2014.08.26"]
[Round "7.23"]
[White "Pourkashiyan, Atousa"]
[Black "Raetsky, Alexander"]
[Result "1/2-1/2"]
[WhiteTitle "WGM"]
[BlackTitle "GM"]
[WhiteElo "2352"]
[BlackElo "2426"]
[WhiteFideId "12502014"]
[BlackFideId "4103203"]
[EventDate "2014.08.20"]

1. e4 e6 2. d4 d5 3. Nd2 Nc6 4. Ngf3 Nf6 5. e5 Nd7 6. Be2 f6 7. exf6 Qxf6 8. Nf1
b6 9. Ng3 Bb7 10. O-O Bd6 11. Nh5 Qe7 12. Re1 O-O-O 13. c4 h6 14. Bf4 Bxf4 15.
Nxf4 Qf7 16. cxd5 exd5 17. Nd3 Rhf8 18. Rc1 Kb8 19. Bf1 g5 20. Qd2 Rde8 21. h3
Re4 22. Nde5 Ncxe5 23. Nxe5 Nxe5 24. dxe5 Qe7 25. Rxe4 dxe4 26. Qc3 Re8 27. Bb5
c6 28. Ba4 b5 29. Bc2 Qxe5 30. Qxe5+ Rxe5 31. Re1 c5 32. f3 e3 33. Be4 Bxe4 34.
Rxe3 Kc7 35. fxe4 Kb6 36. Kf2 c4 37. Re2 Kc5 38. Ke3 Re6 39. Rd2 Ra6 40. a3 Rd6
41. Rxd6 Kxd6 42. Kd4 h5 43. g4 h4 44. a4 a6 45. e5+ Ke6 46. a5 Ke7 47. Kc5 Ke6
48. Kd4 Ke7 49. Kc5 Ke6 50. Kd4 Ke7 51. Kc5 1/2-1/2

[Event "21st Abu Dhabi Masters 2014"]
[Site "Abu Dhabi UAE"]
[Date "2014.08.26"]
[Round "7.24"]
[White "Meszaros, Tamas"]
[Black "Kaboodi, Behrang"]
[Result "1-0"]
[WhiteTitle "IM"]
[WhiteElo "2422"]
[BlackElo "2060"]
[WhiteFideId "717410"]
[BlackFideId "12504955"]
[EventDate "2014.08.20"]

1. e4 d6 2. d4 Nf6 3. Nc3 e5 4. Nf3 Nbd7 5. Bc4 Be7 6. O-O O-O 7. Re1 c6 8. a4
b6 9. h3 a6 10. Bg5 Bb7 11. Ba2 Ne8 12. Be3 Bf6 13. dxe5 dxe5 14. Nh2 Qc7 15.
Qf3 Be7 16. Ne2 Nc5 17. Ng3 Nxa4 18. Nf5 Nc5 19. b4 Ne6 20. Bxe6 fxe6 21. Bxb6
Rxf5 22. Qe3 Bg5 23. Qc5 Be7 24. Qa5 Bxb4 25. Qxb4 c5 26. Qa4 Qxb6 27. exf5 Qc6
28. Qxc6 Bxc6 29. Rxe5 exf5 30. Rxf5 c4 31. Rc5 Bd7 32. Nf3 Rc8 33. Rxc8 Bxc8
34. Ne5 Kf8 35. Nxc4 Nc7 36. f4 Ke7 37. Re1+ Kf6 38. Kf2 Nd5 39. Nd6 Bd7 40. g3
Bxh3 41. Rh1 Bd7 42. Rxh7 a5 43. Rh5 Nb4 44. Ne4+ Kg6 45. Rg5+ Kf7 46. Rxa5 Nxc2
47. Ra7 Ke8 48. Nd6+ 1-0

[Event "21st Abu Dhabi Masters 2014"]
[Site "Abu Dhabi UAE"]
[Date "2014.08.26"]
[Round "7.25"]
[White "Asgarizadeh, Ahmad"]
[Black "Sunilduth Lyna, Narayanan"]
[Result "1-0"]
[WhiteElo "2335"]
[BlackElo "2414"]
[WhiteFideId "12505684"]
[BlackFideId "5058422"]
[EventDate "2014.08.20"]

1. e4 c6 2. d4 d5 3. e5 Bf5 4. Nf3 e6 5. Be2 Nd7 6. O-O Ne7 7. b3 Bg6 8. c4 Nf5
9. Nc3 Bb4 10. Bb2 O-O 11. a3 Ba5 12. Bd3 f6 13. Ne2 fxe5 14. dxe5 Bb6 15. b4
Bh5 16. Ng3 Nxg3 17. hxg3 Kh8 18. Qc2 dxc4 19. Bxc4 Qe7 20. Rad1 Bc7 21. Bb3 a5
22. Qe4 Nb6 23. Bd4 axb4 24. axb4 Qxb4 25. Bxe6 Bg6 26. Qe3 Na4 27. Nh4 Be8 28.
Nf5 Bg6 29. Nh4 Be8 30. Rb1 Qe7 31. Rxb7 c5 32. Ba1 Bc6 33. Rxc7 Qxc7 34. Qg5
Qd8 35. Qg4 Qd2 36. Nf5 Ra7 37. Nd6 Nc3 38. Nf7+ Raxf7 39. Bxf7 Ne2+ 40. Kh2
Qh6+ 41. Qh5 Rxf7 42. Qxh6 gxh6 43. e6+ Rg7 44. Rb1 Nd4 45. Rc1 Nb3 46. Bxg7+
Kxg7 47. Rc3 Bd5 48. Re3 Kf8 49. f4 Ke7 50. f5 c4 51. f6+ Kxf6 52. e7 Bf7 53.
e8=Q Bxe8 54. Rxe8 Nd2 55. Kg1 Kf5 56. Kf2 c3 57. Ke2 Ne4 58. Kd3 Nxg3 59. Kxc3
Nh5 60. Kd2 Nf6 61. Rf8 h5 62. Ke3 Kg5 63. Kf3 Kf5 64. Ra8 Kg5 65. Ra5+ Kg6 66.
Kg3 h6 67. Kf4 Ng4 68. Ra6+ Kg7 69. Rb6 Kf7 70. Ra6 Kg7 71. Re6 Kf8 72. Kf5 Kf7
73. Re2 Kg7 74. Re7+ Kf8 75. Ra7 Ne3+ 76. Kf6 Nd5+ 77. Kg6 Nf4+ 78. Kxh6 Nd5 79.
Kxh5 Ne3 80. g3 Nf1 81. Kg4 1-0

[Event "21st Abu Dhabi Masters 2014"]
[Site "Abu Dhabi UAE"]
[Date "2014.08.26"]
[Round "7.26"]
[White "Mohammad, Samir"]
[Black "Kryvoruchko, Vita"]
[Result "1/2-1/2"]
[WhiteTitle "FM"]
[BlackTitle "WGM"]
[WhiteElo "2369"]
[BlackElo "2185"]
[WhiteFideId "7600372"]
[BlackFideId "14108917"]
[EventDate "2014.08.20"]

1. d4 Nf6 2. c4 e6 3. Nc3 Bb4 4. e3 c5 5. Bd3 Nc6 6. Nf3 d5 7. a3 Bxc3+ 8. bxc3
dxc4 9. Bxc4 O-O 10. O-O Qc7 11. Ba2 e5 12. h3 e4 13. Nh2 Bf5 14. Bb2 Rad8 15.
Qe2 Rfe8 16. Rfd1 b6 17. Ng4 Bxg4 18. hxg4 h6 19. Bc4 Na5 20. Bb5 Re7 21. dxc5
bxc5 22. c4 Rxd1+ 23. Rxd1 Qb6 24. Bc3 Nb7 25. f4 exf3 26. gxf3 Qe6 27. Kg2 a6
28. Ba4 Qxe3 29. Qxe3 Rxe3 30. Bxf6 gxf6 31. Bc6 Na5 32. Rd8+ Kg7 33. Bd5 Rxa3
34. Rc8 Nb3 35. Rc7 Ra2+ 36. Kg3 Nd4 37. Rxf7+ Kg6 38. Rc7 f5 39. gxf5+ Nxf5+
40. Kf4 Nd4 41. Rxc5 Re2 42. Ra5 Ne6+ 43. Kg3 Nc7 44. Be4+ Kf6 45. Rf5+ Kg7 46.
Rc5 Ne6 47. Rc6 Ng5 48. Bd5 a5 49. Ra6 Ra2 50. f4 Ra3+ 51. Kg4 Nh3 52. Ra7+ Kg6
53. f5+ Kf6 54. Ra6+ Ke5 55. Re6+ Kd4 56. f6 Ng5 57. Re7 Ra1 58. Kh5 Rf1 59.
Kxh6 Rxf6+ 60. Kxg5 Ra6 61. Re2 a4 62. Ra2 a3 63. Kf5 Ra7 64. Ke6 Kc5 65. Ke5
Re7+ 66. Kf6 Ra7 67. Ke6 Ra6+ 68. Ke5 Ra7 69. Ke6 Ra8 70. Ke5 Ra7 71. Ke4 Re7+
72. Kd3 Kb4 73. Kd4 Rc7 74. Ra1 a2 75. Kd3 Ka3 76. Kc3 Rc8 77. Rg1 Rb8 78. Be4
Rb3+ 79. Kd4 Kb2 80. c5 a1=Q 81. Rxa1 Kxa1 82. c6 Rb8 83. Bf5 Rb6 84. c7 Rc6 85.
c8=Q Rxc8 86. Bxc8 1/2-1/2

[Event "21st Abu Dhabi Masters 2014"]
[Site "Abu Dhabi UAE"]
[Date "2014.08.26"]
[Round "7.27"]
[White "Primbetov, Kazbek"]
[Black "Tissir, Mohamed"]
[Result "1-0"]
[BlackTitle "IM"]
[WhiteElo "2256"]
[BlackElo "2366"]
[WhiteFideId "13702297"]
[BlackFideId "9000240"]
[EventDate "2014.08.20"]

1. d4 d6 2. c4 Nf6 3. Nc3 Bf5 4. f3 e5 5. dxe5 dxe5 6. Qxd8+ Kxd8 7. Bg5 c6 8.
O-O-O+ Nd7 9. e4 Be6 10. f4 exf4 11. h3 Bc5 12. Bxf4 Nh5 13. Bh2 Be3+ 14. Kb1
Bf4 15. g4 Bxh2 16. Rxh2 Nf4 17. Nf3 Ng6 18. Rhd2 Ke7 19. Nd5+ cxd5 20. exd5
Nde5 21. Nxe5 Nxe5 22. dxe6 fxe6 23. Bg2 Rad8 24. Bxb7 Nxc4 25. Rxd8 Rxd8 26.
Rxd8 Kxd8 27. Kc2 g5 28. Be4 h6 29. Kc3 Nd6 30. Kd4 Ke7 31. b4 Nb5+ 32. Ke5 Nc3
33. a3 Nb5 34. a4 Nd6 35. b5 Nf7+ 36. Kd4 Kd6 37. a5 Nd8 38. Bf3 e5+ 39. Kc4 Ne6
40. Be4 Kc7 41. Kd5 Nf4+ 42. Kxe5 Nxh3 43. Kf6 Nf4 44. Bf3 Nd3 45. Kg7 Nc5 46.
Kxh6 Nb3 47. Kxg5 Nxa5 48. Kf6 Nc4 49. g5 Nd6 50. g6 Ne8+ 51. Ke7 Nd6 52. Bg4 1-0

[Event "21st Abu Dhabi Masters 2014"]
[Site "Abu Dhabi UAE"]
[Date "2014.08.26"]
[Round "7.28"]
[White "Hesham, Abdelrahman"]
[Black "Al-Halila, Ayman"]
[Result "0-1"]
[WhiteTitle "IM"]
[BlackTitle "IM"]
[WhiteElo "2387"]
[BlackElo "2161"]
[WhiteFideId "10600183"]
[BlackFideId "9400168"]
[EventDate "2014.08.20"]

1. d4 Nf6 2. c4 e6 3. Nf3 b6 4. a3 Bb7 5. Nc3 Be7 6. Qc2 d5 7. cxd5 Nxd5 8. e4
Nxc3 9. bxc3 c5 10. Bb5+ Bc6 11. Bd3 b5 12. Qe2 a6 13. Ne5 O-O 14. Bb2 cxd4 15.
cxd4 Qa5+ 16. Kf1 Bb7 17. h4 f6 18. Nf3 Nd7 19. h5 h6 20. Nh4 Bd6 21. Qg4 Rae8
22. e5 fxe5 23. Qg6 e4 24. d5 Ne5 25. Qxe4 Nxd3 26. Qxd3 Bc5 27. Nf3 Bxd5 28.
Kg1 Bxf3 29. gxf3 Rd8 30. Qc2 Bxf2+ 31. Qxf2 Rd2 32. Rh2 Rxf2 33. Rxf2 Qb6 34.
Kg2 Rf5 35. f4 Rxh5 36. Raf1 e5 37. f5 0-1

[Event "21st Abu Dhabi Masters 2014"]
[Site "Abu Dhabi UAE"]
[Date "2014.08.26"]
[Round "7.29"]
[White "Al-Zendani, Zendan"]
[Black "Ayyad, Husain"]
[Result "1/2-1/2"]
[WhiteTitle "IM"]
[BlackTitle "FM"]
[WhiteElo "2338"]
[BlackElo "2146"]
[WhiteFideId "9400249"]
[BlackFideId "11200243"]
[EventDate "2014.08.20"]

1. e4 e5 2. Nf3 Nc6 3. Bc4 Nf6 4. d3 Be7 5. O-O d6 6. a3 Be6 7. Bxe6 fxe6 8. c3
O-O 9. Re1 Qd7 10. b4 a6 11. d4 h6 12. Ra2 exd4 13. cxd4 d5 14. Ne5 Nxe5 15.
dxe5 Nh7 16. Qg4 Kh8 17. exd5 Qxd5 18. Rd2 Qc6 19. h4 Rad8 20. Rde2 Rf5 21. Nd2
Rd3 22. Nf3 h5 23. Qe4 Qxe4 24. Rxe4 c5 25. Be3 cxb4 26. axb4 Nf8 27. Rc1 Rd7
28. Rc8 Kh7 29. Bc5 Ng6 30. Bxe7 Rxe7 31. Kh2 Rf8 32. Rcc4 Rd8 33. Rcd4 Rxd4 34.
Rxd4 Nh8 35. Kg3 Nf7 36. Kf4 Kg6 37. g4 hxg4 38. Kxg4 1/2-1/2

[Event "21st Abu Dhabi Masters 2014"]
[Site "Abu Dhabi UAE"]
[Date "2014.08.26"]
[Round "7.30"]
[White "Ram, Aravind L N"]
[Black "Faraj, Yahya"]
[Result "0-1"]
[WhiteTitle "FM"]
[BlackTitle "FM"]
[WhiteElo "2119"]
[BlackElo "2247"]
[WhiteFideId "25033760"]
[BlackFideId "9400184"]
[EventDate "2014.08.20"]

1. e4 e5 2. Nf3 Nc6 3. Bb5 a6 4. Ba4 Nf6 5. d3 b5 6. Bb3 Be7 7. O-O O-O 8. Nbd2
d6 9. c3 Na5 10. Bc2 c5 11. Re1 Qc7 12. Nf1 Nc6 13. Ng3 Ne8 14. h3 g6 15. Bh6
Ng7 16. d4 Bd7 17. a4 Rab8 18. axb5 axb5 19. d5 Nd8 20. Nh2 f6 21. Qf3 Nf7 22.
Bd2 Ng5 23. Qe2 f5 24. exf5 gxf5 25. f4 Nf7 26. fxe5 dxe5 27. Rf1 Qc8 28. Ra7 c4
29. Rxd7 Qxd7 30. Nxf5 Bc5+ 31. Kh1 Nd6 32. Nh6+ Kh8 33. Nf3 e4 34. Ne5 Qe7 35.
Neg4 Rxf1+ 36. Qxf1 Rf8 37. Qe2 Nh5 38. Be1 Qg5 39. g3 Qc1 40. Kg2 Rf3 41. Bxe4
Rxg3+ 42. Kh2 Qf4 43. Bd2 Rxh3+ 0-1

[Event "21st Abu Dhabi Masters 2014"]
[Site "Abu Dhabi UAE"]
[Date "2014.08.26"]
[Round "7.31"]
[White "Hakimifard, Ghazal"]
[Black "Laabi Chian, Majid"]
[Result "1-0"]
[WhiteTitle "WIM"]
[WhiteElo "2232"]
[BlackElo "2070"]
[WhiteFideId "12506540"]
[BlackFideId "12500224"]
[EventDate "2014.08.20"]

1. e4 d6 2. d4 Nf6 3. Nc3 g6 4. Be3 Bg7 5. f3 e5 6. dxe5 dxe5 7. Qxd8+ Kxd8 8.
Bc4 Be6 9. O-O-O+ Nbd7 10. Bxe6 fxe6 11. Nh3 a6 12. a4 Ke7 13. b3 Ne8 14. Nf2
Nd6 15. Nd3 Nb8 16. Kb2 Nc6 17. Nb1 h6 18. Nd2 Rad8 19. h4 Bf6 20. Nf2 b6 21.
Ng4 Bg7 22. c3 Nf7 23. h5 g5 24. Nc4 Rxd1 25. Rxd1 Rd8 26. Rb1 Nd6 27. Nxd6 Rxd6
28. b4 Nb8 29. a5 Kd7 30. axb6 cxb6 31. c4 Kc6 32. Bxb6 Rd2+ 33. Kc3 Rxg2 34.
Bf2 Nd7 35. Ra1 Kb7 36. b5 axb5 37. Ra7+ Kc8 38. cxb5 Nf6 39. Rxg7 Nxg4 40. Ba7
Nf6 41. b6 Nd7 42. Rxd7 1-0

[Event "21st Abu Dhabi Masters 2014"]
[Site "Abu Dhabi UAE"]
[Date "2014.08.26"]
[Round "7.32"]
[White "Zayan, Osama"]
[Black "Zayed, Ali Al-hamed"]
[Result "1-0"]
[WhiteElo "2208"]
[BlackElo "1983"]
[WhiteFideId "10601180"]
[BlackFideId "9303340"]
[EventDate "2014.08.20"]

1. e4 d5 2. exd5 Qxd5 3. Nc3 Qd8 4. d4 Nf6 5. Nf3 Bg4 6. h3 Bh5 7. g4 Bg6 8. Ne5
Nbd7 9. Bf4 Nxe5 10. Bxe5 Qd7 11. Nb5 Nd5 12. c4 a6 13. Qa4 c6 14. Nc3 Nxc3 15.
bxc3 f6 16. Bf4 e5 17. Be3 exd4 18. cxd4 Be4 19. Rg1 Qd6 20. c5 Qh2 21. Rg3 Be7
22. Qb3 Rb8 23. Bf4 Rd8 24. Qe6 Bd5 25. Qxe7+ 1-0

[Event "21st Abu Dhabi Masters 2014"]
[Site "Abu Dhabi UAE"]
[Date "2014.08.26"]
[Round "7.33"]
[White "Villadelgado, Joemarie"]
[Black "Derakhshani, Dorsa"]
[Result "0-1"]
[BlackTitle "WFM"]
[WhiteElo "2002"]
[BlackElo "2169"]
[WhiteFideId "5214009"]
[BlackFideId "12500330"]
[EventDate "2014.08.20"]

1. e4 e5 2. Bc4 Nc6 3. Nc3 Nf6 4. d3 Na5 5. f4 Nxc4 6. dxc4 Bb4 7. Qf3 d6 8. f5
Bxc3+ 9. bxc3 h6 10. Nh3 Qd7 11. O-O Qc6 12. Re1 b6 13. a4 a5 14. c5 Qxc5+ 15.
Nf2 Bb7 16. Ba3 Qc6 17. g4 O-O-O 18. Rab1 Qxa4 19. Rb3 Qc6 20. c4 Nd7 21. Rc3 g6
22. Nd3 gxf5 23. Qxf5 Rdg8 24. h4 f6 25. Bc1 Kb8 26. Nf2 h5 27. g5 fxg5 28. hxg5
Bc8 29. Qf7 Nc5 30. Rg3 h4 31. Rg2 Ne6 32. Qf6 h3 33. Rg3 Qe8 34. Ree3 h2+ 35.
Kg2 Nf4+ 36. Kh1 0-1

[Event "21st Abu Dhabi Masters 2014"]
[Site "Abu Dhabi UAE"]
[Date "2014.08.26"]
[Round "7.34"]
[White "Gadimbayli, Abdulla"]
[Black "Ahmed, Fareed"]
[Result "1-0"]
[WhiteTitle "FM"]
[WhiteElo "2162"]
[BlackElo "1899"]
[WhiteFideId "13404938"]
[BlackFideId "9303677"]
[EventDate "2014.08.20"]

1. e4 e6 2. d4 d5 3. Nd2 Nf6 4. e5 Nfd7 5. Bd3 c5 6. c3 Nc6 7. Ne2 cxd4 8. cxd4
f6 9. exf6 Nxf6 10. Nf3 Bd6 11. O-O Qc7 12. Bd2 O-O 13. Rc1 Bd7 14. Ng3 Rae8 15.
Re1 Qb6 16. Bc3 Bf4 17. Rc2 Nb4 18. Bxb4 Qxb4 19. Ne2 Bb8 20. Nc3 a6 21. a3 Qb6
22. Ne5 g6 23. Bf1 Re7 24. g3 Nh5 25. Bh3 Be8 26. Nf3 Bd7 27. Ne5 Be8 28. Nf3
Bd7 29. Rce2 Qd6 30. Ne5 Ng7 31. Qb3 Nf5 32. Nxd7 Nxd4 33. Bxe6+ Rxe6 34. Rxe6
Qxe6 35. Rxe6 1-0

[Event "21st Abu Dhabi Masters 2014"]
[Site "Abu Dhabi UAE"]
[Date "2014.08.26"]
[Round "7.35"]
[White "Siva, Mahadevan"]
[Black "Khouri, Ibrahim Mohamed"]
[Result "1-0"]
[BlackTitle "FM"]
[WhiteElo "2173"]
[BlackElo "2225"]
[WhiteFideId "25043153"]
[BlackFideId "9301526"]
[EventDate "2014.08.20"]

1. e4 e5 2. Nf3 Nc6 3. Bb5 a6 4. Ba4 Nf6 5. O-O Be7 6. Re1 b5 7. Bb3 O-O 8. h3
d6 9. c3 Nb8 10. d4 Nbd7 11. Nbd2 Bb7 12. Bc2 Re8 13. a4 Bf8 14. Bd3 c6 15. b3
g6 16. Bb2 Bg7 17. Qc2 Qc7 18. Rad1 Rad8 19. c4 b4 20. c5 dxc5 21. dxe5 Nh5 22.
Nc4 Nf4 23. Bf1 Ne6 24. Nd6 Re7 25. Bc4 Ndf8 26. h4 Bc8 27. g3 Red7 28. Ng5 Nxg5
29. hxg5 Re7 30. f4 Bg4 31. Rd3 a5 32. f5 Bxe5 33. Bxe5 Rxe5 34. Nxf7 1-0

[Event "21st Abu Dhabi Masters 2014"]
[Site "Abu Dhabi UAE"]
[Date "2014.08.26"]
[Round "7.36"]
[White "Calzetta Ruiz, Monica"]
[Black "Sameir, Ramez"]
[Result "1/2-1/2"]
[WhiteTitle "WGM"]
[WhiteElo "2221"]
[BlackElo "2113"]
[WhiteFideId "2204185"]
[BlackFideId "10606017"]
[EventDate "2014.08.20"]

1. e4 e6 2. d4 d5 3. Nd2 Nf6 4. e5 Nfd7 5. Bd3 c5 6. c3 Nc6 7. Ne2 Qb6 8. Nf3
cxd4 9. cxd4 f6 10. exf6 Nxf6 11. O-O Bd6 12. Rb1 O-O 13. b4 e5 14. dxe5 Nxe5
15. Nxe5 Bxe5 16. Be3 Bxh2+ 17. Kh1 Qd8 18. g3 Ng4 19. Qc2 Bxg3 20. Bxh7+ Kh8
21. fxg3 Nxe3 22. Qg6 Rxf1+ 23. Rxf1 Nxf1 24. Qh5 Bg4 25. Qxg4 Kxh7 26. Qh3+ Kg8
27. Qe6+ Kh7 28. Qh3+ Kg8 29. Qe6+ Kh8 30. Nf4 Nxg3+ 31. Kg2 g6 32. Nxg6+ Kg7
33. Ne7 Qf8 34. Kxg3 Re8 35. Qg6+ Kh8 36. Qh5+ Kg7 37. Qg6+ 1/2-1/2

[Event "21st Abu Dhabi Masters 2014"]
[Site "Abu Dhabi UAE"]
[Date "2014.08.26"]
[Round "7.37"]
[White "Ayyad, Maher"]
[Black "Janahi, Zeyaad"]
[Result "1/2-1/2"]
[WhiteTitle "FM"]
[BlackTitle "FM"]
[WhiteElo "2147"]
[BlackElo "2109"]
[WhiteFideId "11200235"]
[BlackFideId "11200073"]
[EventDate "2014.08.20"]

1. d4 Nf6 2. Nf3 g6 3. c4 Bg7 4. g3 c6 5. Bg2 d5 6. cxd5 cxd5 7. O-O O-O 8. Nc3
Nc6 9. Ne5 Qa5 10. e3 e6 11. Bd2 Qd8 12. Nxc6 bxc6 13. Rc1 Ba6 14. Re1 Nd7 15.
Na4 Rc8 16. f4 Re8 17. Bb4 1/2-1/2

[Event "21st Abu Dhabi Masters 2014"]
[Site "Abu Dhabi UAE"]
[Date "2014.08.26"]
[Round "7.38"]
[White "Hojjatova, Aydan"]
[Black "Gameel, Mohamed"]
[Result "0-1"]
[WhiteTitle "WCM"]
[BlackTitle "IM"]
[WhiteElo "2014"]
[BlackElo "2218"]
[WhiteFideId "13401491"]
[BlackFideId "9401440"]
[EventDate "2014.08.20"]

1. e4 c5 2. b3 Nc6 3. Bb2 e5 4. Bc4 Nf6 5. d3 d6 6. Nc3 a6 7. a4 g6 8. Nge2 Bg7
9. O-O O-O 10. h3 Nh5 11. Nd5 Rb8 12. Ne3 Qg5 13. Kh2 Kh8 14. Bc1 Nf4 15. Ng1 b5
16. axb5 axb5 17. Bd5 Nb4 18. g3 Qe7 19. Bb2 Nbxd5 20. exd5 Nh5 21. g4 Nf4 22.
f3 h5 23. Qe1 Bh6 24. b4 cxb4 25. Qxb4 Kg7 0-1

[Event "21st Abu Dhabi Masters 2014"]
[Site "Abu Dhabi UAE"]
[Date "2014.08.26"]
[Round "7.40"]
[White "Fouad, Mofleh"]
[Black "Mansour, Abbas"]
[Result "1-0"]
[WhiteTitle "FM"]
[WhiteElo "2128"]
[BlackElo "1913"]
[WhiteFideId "9400532"]
[BlackFideId "9301402"]
[EventDate "2014.08.20"]

1. f4 d5 2. Nf3 c5 3. e3 Nf6 4. b3 Nc6 5. Bb2 e6 6. Be2 Bd6 7. O-O O-O 8. Ne5
Qc7 9. Nxc6 Qxc6 10. Bxf6 gxf6 11. Bd3 f5 12. Qh5 f6 13. Rf3 Qe8 14. Qh6 Rf7 15.
Nc3 Qf8 16. Qh5 Rg7 17. Rh3 Qf7 18. Be2 Bd7 19. Kh1 Kh8 20. Bf3 Bc6 21. Ne2 Bf8
22. d4 b6 23. c4 Bb7 1-0

[Event "21st Abu Dhabi Masters 2014"]
[Site "Abu Dhabi UAE"]
[Date "2014.08.26"]
[Round "7.41"]
[White "Mohammed, Tarig Elther"]
[Black "Marwan, Abdulwahab"]
[Result "0-1"]
[BlackTitle "FM"]
[WhiteElo "2052"]
[BlackElo "2070"]
[WhiteFideId "12200964"]
[BlackFideId "9301410"]
[EventDate "2014.08.20"]

1. e4 c5 2. Nf3 e6 3. d4 cxd4 4. Nxd4 a6 5. Bd3 Nc6 6. Nxc6 dxc6 7. O-O e5 8. f4
Bc5+ 9. Kh1 Nf6 10. f5 h5 11. Bg5 Qb6 12. Nc3 Qc7 13. Na4 Ba7 14. b4 Bd7 15. Nc5
O-O-O 16. Qe2 Kb8 17. Bxa6 Bxc5 18. bxc5 bxa6 19. Qxa6 Qa7 20. Rab1+ Ka8 21.
Qxa7+ Kxa7 22. Rf3 Bc8 23. Ra3+ Ba6 24. Rb6 Rd1# 0-1